000 00286nam a22001337a 4500
008 170406b xxu||||| |||| 00| 0 eng d
020 _a080533125X
041 _aeng
080 _23RD
_a575
100 _a9
101 _aSHM
245 _aMETHODS IN IMMUNOLOGY
_cGARVEY
942 _2udc
_cBK
999 _c9943
_d9943